[Event "Kuala Lumpur Varsity-ch 20th"]
[Site "Kuala Lumpur"]
[Date "2016.01.21"]
[Round "1"]
[White "Perera, WCC"]
[Black "Nobert, WD Sachini Jessica"]
[Result "1-0"]
[WhiteElo "2089"]
[BlackElo "1060"]
[PlyCount "31"]
[EventDate "2016.01.21"]
[EventType "swiss"]
[EventRounds "9"]
[EventCountry "MAS"]
[SourceTitle "CBM 170 Extra"]
[Source "ChessBase"]
[SourceDate "2016.02.25"]
[SourceVersion "1"]
[SourceVersionDate "2016.02.25"]
[SourceQuality "1"]

1. d4 Nf6 2. c4 d5 3. Nc3 c6 4. Nf3 Bf5 5. cxd5 cxd5 6. Qb3 b6 7. e3 Nc6 8. Bb5 Qd6 9. e4 Bxe4 10. Ne5 Rc8 11. Qa4 Qe6 12. 0-0 Rc7 13. Be3 Kd8 14. Nxc6+ Rxc6 15. Nxe4 Rc7 16. Ng5 1-0